|
|
|
|
| LEADER |
01770nam a2200469 a 4500 |
| 001 |
nkc20132470042 |
| 003 |
CZ PrNK |
| 005 |
20130731131529.0 |
| 007 |
ta |
| 008 |
130627s2011 xr a f 000 0 cze |
| 015 |
|
|
|a cnb002470042
|
| 020 |
|
|
|a 978-80-7464-023-0
|q (brož.) :
|c neprodejné
|
| 035 |
|
|
|a (OCoLC)855465598
|
| 040 |
|
|
|a BOA001
|b cze
|d OLA001
|
| 041 |
0 |
|
|a cze
|b eng
|
| 072 |
|
7 |
|a 376
|x Výchova a vzdělávání zvláštních skupin osob
|2 Konspekt
|9 22
|
| 080 |
|
|
|a 376
|2 MRF
|
| 080 |
|
|
|a 37.043.2
|2 MRF
|
| 080 |
|
|
|a 37.0:001.895
|2 MRF
|
| 080 |
|
|
|a (048.8:082)
|2 MRF
|
| 100 |
1 |
|
|a Franiok, Petr,
|d 1959-
|7 ola2002159110
|4 aut
|
| 245 |
1 |
0 |
|a Současné trendy ve speciální pedagogice =
|b Current trends in special education /
|c Petr Franiok, Renata Kovářová et al.
|
| 246 |
3 |
1 |
|a Current trends in special education
|
| 260 |
|
|
|a Ostrava :
|b Ostravská univerzita v Ostravě, Pedagogická fakulta,
|c 2011
|
| 300 |
|
|
|a 126 s. :
|b il. ;
|c 24 cm
|
| 500 |
|
|
|a 200 výt.
|
| 504 |
|
|
|a Obsahuje bibliografie a bibliografické odkazy
|
| 546 |
|
|
|a Anglické resumé
|
| 650 |
0 |
7 |
|a speciální pedagogika
|7 ph116230
|2 czenas
|
| 650 |
0 |
7 |
|a integrovaná výchova a vzdělávání
|7 ph121132
|2 czenas
|
| 650 |
0 |
7 |
|a inovace ve vzdělávání
|7 ph242427
|2 czenas
|
| 650 |
0 |
9 |
|a special education
|2 eczenas
|
| 650 |
0 |
9 |
|a integrated education
|2 eczenas
|
| 650 |
0 |
9 |
|a educational innovations
|2 eczenas
|
| 655 |
|
7 |
|a kolektivní monografie
|7 fd501537
|2 czenas
|
| 655 |
|
9 |
|a collective monographs
|2 eczenas
|
| 700 |
1 |
|
|a Kovářová, Renata
|7 mzk2008463879
|4 aut
|
| 910 |
2 |
|
|a BOA001
|b 2-1308.118
|
| 990 |
|
|
|a BK
|
| 995 |
|
|
|a 01
|
| 991 |
|
|
|b 201307
|c NOV
|e n
|
| 996 |
6 |
|
|b 2610554874
|c 2-1308.118
|l MZK
|r Sklad / do 1 hodiny
|n 5
|p p.v.
|w 001342304
|u 000010
|a 1
|e BOA001
|j MZK50
|s P
|